| 000 | 00376nam a2200157Ia 4500 | ||
|---|---|---|---|
| 008 | 230524s9999 xx 000 0 und d | ||
| 082 |
_a621.382 _bGUP |
||
| 100 | _aSanjeeva Gupta | ||
| 245 | 0 | _aElectronics and Communications | |
| 250 | _a2ND | ||
| 260 |
_aNEW DELHI _bKhanna _c2004 |
||
| 300 | _a796 | ||
| 500 | _aQuantity Number: 2 | ||
| 650 | _aElectronics | ||
| 942 | _cBK | ||
| 999 |
_c9991 _d9991 |
||